01059cam a22003614i 4500003000900000005001700009008004100026020001500067035002700082040003300109082000900142100003100151245002500182264004300207300003800250336002100288337002500309338002300334504002800357505017300385526001000558526001000568526001000578526001000588526000800598526000800606526000800614526000800622526000800630526000800638526000800646650004300654PE-LiUPU20250731173523.0150616s r 000 0 d a0830818626 a(Sirsi) i9780830818624 aPE-LiUPUbspacPE-LiUPUerda04b2211 aGrenz, Stanley J.,eautor.10aWomen in The Church. 1aIllinois :bInterVarsity Press,c1995. a284 páginas ;c23 centímetros atext2rdacontent aunmediated2rdamedia avolume2rdacarrier aIncluye bibliografía.0 aWomen in the churches.- Women in the church history.- Women in the faith community.- Women in the writings of Paul.- Women in creation.- Women in the ordained ministry. aSEG42 aSEG41 aSEG40 aSEG39 aP94 aP87 aP86 aP85 aP77 aP76 aP3504aORDENACION DE LA MUJER - CRISTIANISMO.